[Event "Titled Tuesday intern op 30th Apr Early"]
[Site "Chess.com INT"]
[Date "2024.04.30"]
[Round "2"]
[White "Askarov, Bakhtiyar"]
[Black "Marin Ferragut, Pau"]
[Result "1-0"]
[WhiteElo "2310"]
[BlackElo "2203"]
[PlyCount "59"]
[EventDate "2024.04.30"]
[EventType "swiss (blitz)"]
[EventRounds "11"]
[EventCountry "USA"]
[SourceTitle "CB19_2024"]
[SourceDate "2024.05.08"]
[SourceVersion "1"]
[SourceVersionDate "2024.05.08"]
[SourceQuality "1"]

1. d4 Nf6 2. Bg5 d5 3. Bxf6 exf6 4. e3 Bd6 5. c4 dxc4 6. Bxc4 0-0 7. Nf3 Nd7 8. 0-0 f5 9. Nc3 c6 10. Re1 Nf6 11. Rc1 a6 12. g3 g6 13. Bf1 Be6 14. Bg2 Nd5 15. a3 Nxc3 16. Rxc3 Bd5 17. Nd2 Bxg2 18. Kxg2 Be7 19. Qf3 Bf6 20. Rec1 Re8 21. Nb3 Qe7 22. Nc5 h5 23. h4 Kg7 24. Rb3 Rab8 25. Rc4 Qc7 26. Rcb4 Qa5 27. Nxb7 Qc7 28. Nc5 Rxb4 29. Rxb4 Rb8 30. Nxa6 1-0

[Event "Titled Tuesday intern op 30th Apr Early"]
[Site "Chess.com INT"]
[Date "2024.04.30"]
[Round "1"]
[White "Wafa, Hamed"]
[Black "Marin Ferragut, Pau"]
[Result "0-1"]
[WhiteElo "2374"]
[BlackElo "2203"]
[PlyCount "110"]
[EventDate "2024.04.30"]
[EventType "swiss (blitz)"]
[EventRounds "11"]
[EventCountry "USA"]
[SourceTitle "CB19_2024"]
[SourceDate "2024.05.08"]
[SourceVersion "1"]
[SourceVersionDate "2024.05.08"]
[SourceQuality "1"]

1. e4 c6 2. d4 d5 3. e5 c5 4. Nf3 cxd4 5. Nxd4 Nc6 6. Nxc6 bxc6 7. Bd3 e6 8. 0-0 Ne7 9. Nd2 Ng6 10. Nf3 c5 11. c4 Be7 12. cxd5 exd5 13. b3 Be6 14. Bb5+ Kf8 15. Be3 d4 16. Bd2 Bd5 17. Re1 Kg8 18. Rc1 Nf8 19. Bc4 Ne6 20. Bxd5 Qxd5 21. Qe2 h6 22. Qd3 g6 23. h4 Kg7 24. h5 a5 25. hxg6 fxg6 26. Rc4 g5 27. Ra4 Rhf8 28. Nh2 h5 29. Nf1 h4 30. Qe4 Qxe4 31. Rxe4 Kg6 32. Nh2 Bd8 33. Nf3 Bc7 34. Ne1 Kf5 35. f3 Bxe5 36. Bxa5 Nf4 37. a3 c4 38. bxc4 Bc7 39. Bb4 Rxa4 40. Bxf8 Rxc4 41. Bb4 Rc1 42. Kf2 d3 43. Rd4 Bb6 44. Ke3 Bxd4+ 45. Kxd4 Rd1 46. Ke3 Nd5+ 47. Kf2 d2 48. Nc2 Rc1 49. Nd4+ Ke5 50. Bxd2 Rd1 51. Nb3 Nf4 52. Bc3+ Kf5 53. Nd2 Rh1 54. Nc4 Rc1 55. Bd2 Rxc4 0-1

[Event "Titled Tuesday intern op 16th Apr Early"]
[Site "Chess.com INT"]
[Date "2024.04.16"]
[Round "11"]
[White "Andersson, Bjorn2"]
[Black "Marin Ferragut, Pau"]
[Result "0-1"]
[WhiteElo "2156"]
[BlackElo "2203"]
[PlyCount "76"]
[EventDate "2024.04.16"]
[EventType "swiss (blitz)"]
[EventRounds "11"]
[EventCountry "USA"]
[SourceTitle "CB17_2024"]
[SourceDate "2024.04.24"]
[SourceVersion "1"]
[SourceVersionDate "2024.04.24"]
[SourceQuality "1"]

1. e4 c6 2. d4 d5 3. e5 c5 4. dxc5 e6 5. Bb5+ Bd7 6. Bxd7+ Nxd7 7. Be3 Nxe5 8. Qd4 Nc6 9. Qa4 Nf6 10. b4 Qd7 11. Nf3 Be7 12. Nbd2 0-0 13. Rd1 Nd4 14. Qxd7 Nxc2+ 15. Ke2 Nxd7 16. a3 Nxe3 17. fxe3 a5 18. Rb1 b6 19. c6 Nf6 20. b5 Bxa3 21. Ne5 Bd6 22. Ndf3 Ne4 23. Rhc1 Bc7 24. g3 Rfd8 25. Nd3 f6 26. Nd4 Kf7 27. Nf4 Re8 28. Nd3 Rad8 29. Rb2 e5 30. Nf5 g6 31. Nh4 d4 32. exd4 Rxd4 33. Nf3 Rd5 34. Ke3 Nd6 35. Nf2 Rd8 36. Ne4 Nxe4 37. Kxe4 Rd3 38. g4 Ke6 0-1

[Event "Titled Tuesday intern op 16th Apr Early"]
[Site "Chess.com INT"]
[Date "2024.04.16"]
[Round "9"]
[White "Pavlidou, Ekaterini"]
[Black "Marin Ferragut, Pau"]
[Result "0-1"]
[WhiteElo "2201"]
[BlackElo "2203"]
[PlyCount "116"]
[EventDate "2024.04.16"]
[EventType "swiss (blitz)"]
[EventRounds "11"]
[EventCountry "USA"]
[SourceTitle "CB17_2024"]
[SourceDate "2024.04.24"]
[SourceVersion "1"]
[SourceVersionDate "2024.04.24"]
[SourceQuality "1"]

1. d4 Nf6 2. c4 e6 3. Nc3 Bb4 4. e3 0-0 5. Bd2 d5 6. Nf3 b6 7. cxd5 exd5 8. Bd3 a6 9. Rc1 Bd6 10. Ne5 c5 11. 0-0 Bb7 12. f4 Ne4 13. Be1 cxd4 14. exd4 b5 15. a4 b4 16. Nxe4 dxe4 17. Bc4 Nd7 18. Qh5 g6 19. Nxg6 Nf6 20. Qg5 hxg6 21. Qxg6+ Kh8 22. Qh6+ Nh7 23. Bh4 Be7 24. Bf2 Bf6 25. d5 Rg8 26. Rfe1 Bxb2 27. Rcd1 Bg7 28. Qh5 Re8 29. Re3 Bc8 30. f5 Qg5 31. Qxf7 Bxf5 32. Rg3 Bg4 33. Be3 Qh5 34. Rf1 Rf8 35. Qxh5 Bxh5 36. Rxf8+ Rxf8 37. d6 Rd8 38. Bc5 Be5 39. Rh3 Bg4 40. Rh6 Kg7 41. Rxh7+ Kxh7 42. h3 Bf5 43. Bb6 Rxd6 44. Be2 Rd2 45. Bh5 b3 46. Be3 b2 47. Bxd2 b1Q+ 48. Kf2 Qd3 49. Be3 Bd4 50. Bxd4 Qxd4+ 51. Kg3 e3 52. Bf3 Qd2 53. Kf4 e2+ 54. Kxf5 e1Q 55. g4 Qd3+ 56. Be4 Qexe4+ 57. Kg5 Qdd5+ 58. Kh4 Qe1# 0-1

[Event "Roquetas de Mar op 35th"]
[Site "Roquetas de Mar"]
[Date "2024.01.06"]
[Round "7"]
[White "Luque Saiz, Andres"]
[Black "Marin Ferragut, Pau"]
[Result "1-0"]
[WhiteElo "2328"]
[BlackElo "2178"]
[PlyCount "123"]
[EventDate "2024.01.02"]
[EventType "swiss"]
[EventRounds "9"]
[EventCountry "ESP"]
[SourceTitle "CB02_2024"]
[SourceDate "2024.01.10"]
[SourceVersion "1"]
[SourceVersionDate "2024.01.10"]
[SourceQuality "1"]

1. Nf3 Nf6 2. c4 e6 3. Nc3 d5 4. d4 Bb4 5. Bd2 0-0 6. e3 b6 7. Bd3 Bb7 8. cxd5 exd5 9. 0-0 a6 10. Ne5 Bd6 11. f4 c5 12. Be1 Ne4 13. Qh5 f5 14. Bh4 Qe8 15. Qxe8 Rxe8 16. Na4 cxd4 17. exd4 b5 18. Nb6 Ra7 19. Rac1 Bb4 20. Be1 Be7 21. Rc2 b4 22. Bf2 a5 23. Rfc1 Ra6 24. Bxa6 Nxa6 25. Be3 Bf8 26. Rc7 Nxc7 27. Rxc7 Nd6 28. b3 Be7 29. Na4 Ba8 30. Ra7 Bf8 31. Rxa5 Bb7 32. Nc5 Bc8 33. Bd2 Ne4 34. Bxb4 Bd6 35. Ra8 Kf8 36. a3 Ke7 37. Ncd3 Bxb4 38. Nxb4 Nc3 39. Kf2 Kd6 40. Ke3 g5 41. g3 gxf4+ 42. gxf4 Rg8 43. Nbc6 Nb5 44. Na7 Nxa7 45. Rxa7 Rg2 46. Rxh7 Be6 47. Nd3 Bc8 48. Rh6+ Ke7 49. Nc5 Rg1 50. Rh8 Be6 51. Rh6 Bf7 52. a4 Re1+ 53. Kd2 Rf1 54. Nd3 Be8 55. Ke2 Rb1 56. Nc5 Rb2+ 57. Ke3 Ra2 58. Re6+ Kf7 59. Re5 Rxh2 60. Rxf5+ Ke7 61. Rxd5 Bh5 62. a5 1-0

[Event "Roquetas de Mar op 35th"]
[Site "Roquetas de Mar"]
[Date "2024.01.04"]
[Round "4"]
[White "Marin Ferragut, Pau"]
[Black "Bernal Moro, Luis Javier"]
[Result "0-1"]
[WhiteElo "2178"]
[BlackElo "2370"]
[PlyCount "138"]
[EventDate "2024.01.02"]
[EventType "swiss"]
[EventRounds "9"]
[EventCountry "ESP"]
[SourceTitle "CB02_2024"]
[SourceDate "2024.01.10"]
[SourceVersion "1"]
[SourceVersionDate "2024.01.10"]
[SourceQuality "1"]

1. e4 c5 2. Nf3 e6 3. d4 cxd4 4. Nxd4 Nc6 5. Nc3 Qc7 6. g3 a6 7. Bg2 d6 8. 0-0 Bd7 9. Re1 Be7 10. Nxc6 Bxc6 11. a4 Nf6 12. a5 0-0 13. Be3 Rae8 14. Qe2 Nd7 15. f4 Kh8 16. Qd2 f5 17. exf5 Rxf5 18. Bd4 Bxg2 19. Qxg2 Bf6 20. Bxf6 Nxf6 21. Re2 e5 22. Rae1 Rf8 23. fxe5 dxe5 24. Kh1 h6 25. Nd1 e4 26. Rf2 Qxa5 27. Rxf5 Qxe1+ 28. Rf1 Qb4 29. Nc3 Re8 30. h3 Qxb2 31. Nd1 Qd4 32. Qe2 Rd8 33. Nf2 Qc3 34. Nxe4 Nxe4 35. Qxe4 Qxg3 36. h4 Qh3+ 37. Kg1 Qg3+ 38. Kh1 Qh3+ 39. Kg1 Qd7 40. Kg2 Qc6 41. Qxc6 bxc6 42. Ra1 Rd2+ 43. Kg3 Rxc2 44. Rxa6 Rc5 45. Kg4 h5+ 46. Kf4 Kh7 47. Ra7 Kg6 48. Rc7 Kf6 49. Rc8 Rc4+ 50. Kg3 g5 51. hxg5+ Kxg5 52. Rf8 h4+ 53. Kh3 c5 54. Rf3 Rf4 55. Ra3 c4 56. Ra5+ Kf6 57. Rc5 Ke6 58. Ra5 Kd6 59. Ra8 Kc5 60. Rc8+ Kb4 61. Rb8+ Ka3 62. Ra8+ Kb2 63. Rb8+ Kc2 64. Rc8 c3 65. Rd8 Kb3 66. Rd3 Kb2 67. Rd8 c2 68. Rb8+ Kc3 69. Rc8+ Rc4 0-1

[Event "Porto Cristo"]
[Site "Porto Cristo"]
[Date "2023.12.15"]
[Round "6"]
[White "Marin Ferragut, Pau"]
[Black "Rasti, Arvin"]
[Result "0-1"]
[WhiteElo "2115"]
[BlackElo "2268"]
[PlyCount "232"]
[EventDate "2023.12.11"]
[EventType "tourn"]
[EventRounds "9"]
[EventCountry "ESP"]
[EventCategory "1"]
[SourceTitle "CB52_2023"]
[SourceDate "2023.12.27"]
[SourceVersion "1"]
[SourceVersionDate "2023.12.27"]
[SourceQuality "1"]

1. c4 e6 2. Nf3 Nf6 3. b3 b6 4. Bb2 Bb7 5. e3 Be7 6. Be2 0-0 7. 0-0 d6 8. d4 Nbd7 9. Nc3 Ne4 10. Nxe4 Bxe4 11. Nd2 Bg6 12. Bf3 Rc8 13. Qe2 f5 14. e4 Bg5 15. exf5 exf5 16. Bb7 Re8 17. Qd3 Rb8 18. Bd5+ Kh8 19. Nf3 Bf6 20. Qd2 Bh5 21. Bc6 Re7 22. Rfe1 Rxe1+ 23. Rxe1 Nf8 24. h3 Bxf3 25. Bxf3 Qd7 26. Qe2 Ng6 27. g3 Ne7 28. Kg2 Kg8 29. Qd3 Kf8 30. h4 Re8 31. h5 h6 32. Re2 Ng8 33. Rxe8+ Kxe8 34. b4 Ne7 35. b5 Qe6 36. Bc3 Qd7 37. Bd2 Qe6 38. Bc3 Qd7 39. Qc2 Kf8 40. Qb3 Qe6 41. Qa4 Qf7 42. Bb2 Kg8 43. Qc2 Kh8 44. Qe2 Qg8 45. Kf1 Qf7 46. Qd3 Qe6 47. Bc1 Qf7 48. Bd2 Qe6 49. Be3 Qf7 50. Ke2 Qe6 51. Kd2 Qf7 52. Kc1 Qe6 53. Kb1 Qf7 54. Bd2 Qe6 55. Kc2 Qf7 56. a4 Qe6 57. a5 Qf7 58. axb6 axb6 59. Bf4 Qg8 60. Kd2 Qe6 61. d5 Qc8 62. Ke2 Qa8 63. Kf1 Qa2 64. Kg2 Qb2 65. Bd1 Qa2 66. Bc2 Kg8 67. Qe2 Kf8 68. Bc1 Be5 69. Qd3 Qa5 70. Bd2 Qa2 71. Bc3 Ke8 72. f4 Bxc3 73. Qxc3 Ng8 74. Kf3 Nf6 75. Bxf5 Kf8 76. Bc2 Nxh5 77. g4 Nf6 78. Qd3 Qa1 79. Bb1 Qb2 80. Qf5 Ke7 81. Qe6+ Kd8 82. Bf5 Qc3+ 83. Kg2 Qxc4 84. Qc8+ Ke7 85. Qe6+ Kf8 86. Qc8+ Ne8 87. Bd7 Qxd5+ 88. Kg3 Qd3+ 89. Kf2 Qd4+ 90. Kf3 Qd5+ 91. Kg3 Qf7 92. Bc6 Qe7 93. Kf2 Qf7 94. Kg3 g6 95. Qa8 Qe7 96. Kf3 Kf7 97. Bd5+ Kg7 98. Qa1+ Qf6 99. Qe1 Kf8 100. Bc6 Ng7 101. Bd5 g5 102. f5 Nxf5 103. Kg2 Qe5 104. Qxe5 Nh4+ 105. Kf2 dxe5 106. Ke3 Ke7 107. Be4 Kf6 108. Kd3 Ng6 109. Bf5 h5 110. Ke4 h4 111. Kf3 Nf4 112. Kf2 Ke7 113. Be4 Kd6 114. Bc6 Nd5 115. Kf3 Nc3 116. Ke3 Kc5 0-1

[Event "EU-ch U12 31st"]
[Site "Mamaia"]
[Date "2023.09.05"]
[Round "1"]
[White "Harutyunyan, Arman G"]
[Black "Marin Ferragut, Pau"]
[Result "0-1"]
[WhiteElo "1697"]
[BlackElo "2193"]
[PlyCount "56"]
[EventDate "2023.09.05"]
[EventType "swiss"]
[EventRounds "9"]
[EventCountry "ROU"]
[SourceTitle "EXT 2024"]
[Source "ChessBase"]
[SourceDate "2023.10.10"]
[SourceVersion "1"]
[SourceVersionDate "2023.10.10"]
[SourceQuality "1"]

1. d4 d5 2. c4 e6 3. Nc3 c6 4. cxd5 exd5 5. Bf4 Bd6 6. Bxd6 Qxd6 7. e3 Bf5 8. Bd3 Bxd3 9. Qxd3 Nf6 10. Nge2 0-0 11. 0-0 Re8 12. Ng3 Nbd7 13. Rfe1 Rad8 14. Rad1 g6 15. f3 h5 16. e4 dxe4 17. fxe4 Qb4 18. Qf3 h4 19. Nge2 Nh5 20. Rf1 Qe7 21. Nf4 Nxf4 22. Qxf4 Nf8 23. e5 Ne6 24. Qg4 Qg5 25. Qf3 Rf8 26. Ne4 Qe7 27. Qe3 Kg7 28. h3 Rh8 0-1

[Event "ESP-ch U18"]
[Site "Salobrena"]
[Date "2023.08.05"]
[Round "9"]
[White "Marin Ferragut, Pau"]
[Black "Coll Fullana, Pau"]
[Result "1-0"]
[WhiteElo "2188"]
[BlackElo "2018"]
[PlyCount "83"]
[EventDate "2023.07.31"]
[EventType "swiss"]
[EventRounds "9"]
[EventCountry "ESP"]
[SourceTitle "CBM 215 Extra"]
[Source "ChessBase"]
[SourceDate "2023.09.30"]
[SourceVersion "1"]
[SourceVersionDate "2023.09.30"]
[SourceQuality "1"]

1. c4 Nf6 2. Nc3 e6 3. e4 d5 4. e5 d4 5. exf6 dxc3 6. bxc3 Qxf6 7. d4 b6 8. Nf3 Bb7 9. Be2 h6 10. 0-0 Bd6 11. Be3 0-0 12. Rb1 Be4 13. Bd3 Bxf3 14. Qxf3 Qxf3 15. gxf3 Nd7 16. f4 c5 17. a4 Rab8 18. Rb5 a5 19. Rd1 Rfd8 20. Kg2 g6 21. Kf3 f5 22. h3 Kf7 23. Rb2 Ke7 24. Re2 Kf6 25. Kg2 Rbc8 26. h4 Kf7 27. Rb1 Be7 28. h5 Rc6 29. hxg6+ Kxg6 30. Rbe1 Nf6 31. Kf3 h5 32. Bb1 cxd4 33. Bxd4 Kf7 34. Bxf5 exf5 35. Rxe7+ Kg6 36. Rg1+ Ng4 37. Ke2 Rxd4 38. cxd4 Kf6 39. Rb7 Rxc4 40. Rxb6+ Ke7 41. f3 Nh2 42. Rg7+ 1-0

[Event "ESP-ch U18"]
[Site "Salobrena"]
[Date "2023.07.31"]
[Round "1"]
[White "Marin Ferragut, Pau"]
[Black "Dopazo Vazquez, Ivan"]
[Result "1-0"]
[WhiteElo "2188"]
[BlackElo "1759"]
[PlyCount "67"]
[EventDate "2023.07.31"]
[EventType "swiss"]
[EventRounds "9"]
[EventCountry "ESP"]
[SourceTitle "CBM 215 Extra"]
[Source "ChessBase"]
[SourceDate "2023.09.30"]
[SourceVersion "1"]
[SourceVersionDate "2023.09.30"]
[SourceQuality "1"]

1. e4 c6 2. Nc3 g6 3. d4 d5 4. Be3 Bg7 5. Qd2 Nf6 6. exd5 Nxd5 7. Nxd5 cxd5 8. Nf3 Nc6 9. Bh6 0-0 10. h4 Qd6 11. Bxg7 Kxg7 12. h5 Bf5 13. hxg6 Bxg6 14. c3 e5 15. dxe5 Nxe5 16. Nd4 Nc6 17. 0-0-0 Rfd8 18. Bd3 Nxd4 19. Bxg6 Ne2+ 20. Qxe2 hxg6 21. Qd2 Qf6 22. Qh6+ Kg8 23. Rd4 Rac8 24. Kb1 b5 25. Rf4 Qg7 26. Qg5 d4 27. Rd1 d3 28. Qxb5 Rb8 29. Qa5 Qh7 30. Rf3 d2 31. Qg5 Rd7 32. Rh3 Rdb7 33. Rxd2 Qg7 34. Rd8+ 1-0

[Event "ESP-ch U12 rapid"]
[Site "Salobrena"]
[Date "2023.07.15"]
[Round "4"]
[White "Prieto Rol, Esther"]
[Black "Marin Ferragut, Pau"]
[Result "0-1"]
[WhiteElo "1311"]
[BlackElo "2096"]
[PlyCount "88"]
[EventDate "2023.07.15"]
[EventType "swiss (rapid)"]
[EventRounds "9"]
[EventCountry "ESP"]
[SourceTitle "EXT 2024"]
[Source "ChessBase"]
[SourceDate "2023.10.10"]
[SourceVersion "1"]
[SourceVersionDate "2023.10.10"]
[SourceQuality "1"]

1. d4 Nf6 2. Bf4 g6 3. Nf3 Bg7 4. c3 0-0 5. Nbd2 d6 6. e4 Nbd7 7. Be2 Nh5 8. Be3 e5 9. d5 Nf4 10. Bxf4 exf4 11. 0-0 g5 12. Ne1 Ne5 13. Nc4 f5 14. Nxe5 dxe5 15. exf5 Bxf5 16. c4 e4 17. Bg4 Qd7 18. Bxf5 Qxf5 19. Rb1 g4 20. Nc2 f3 21. Ne3 Qh5 22. d6 cxd6 23. Qd5+ Qxd5 24. Nxd5 Rae8 25. b3 Be5 26. Rfe1 Kg7 27. g3 Bf6 28. Nxf6 Kxf6 29. Rbd1 Re6 30. Rd5 Rfe8 31. Re3 Rd8 32. c5 Rc8 33. b4 dxc5 34. Rxc5 Rxc5 35. bxc5 Ke5 36. Rb3 b6 37. Rb5 Kd4 38. h3 gxh3 39. Kh2 bxc5 40. Kxh3 c4 41. Rb7 Rc6 42. Rxh7 c3 43. Rd7+ Kc4 44. Rd1 c2 0-1

[Event "ESP-ch U12"]
[Site "Salobrena"]
[Date "2023.07.13"]
[Round "6"]
[White "Odriozola Coscolin, Dani"]
[Black "Marin Ferragut, Pau"]
[Result "0-1"]
[WhiteElo "1699"]
[BlackElo "2188"]
[PlyCount "100"]
[EventDate "2023.07.10"]
[EventType "swiss"]
[EventRounds "9"]
[EventCountry "ESP"]
[SourceTitle "EXT 2024"]
[Source "ChessBase"]
[SourceDate "2023.10.10"]
[SourceVersion "1"]
[SourceVersionDate "2023.10.10"]
[SourceQuality "1"]

1. e4 c5 2. Nf3 d6 3. Bb5+ Nd7 4. d4 cxd4 5. Qxd4 a6 6. Bc4 e6 7. a4 Ngf6 8. 0-0 Be7 9. Nc3 0-0 10. Bg5 Qc7 11. Ba2 Ne5 12. Nd2 h6 13. Bh4 g5 14. Bg3 Nh5 15. Qe3 Nxg3 16. Qxg3 Ng6 17. Nc4 Bd7 18. a5 Rad8 19. Nb6 Bc6 20. Rad1 Bf6 21. Rfe1 Qe7 22. Qh3 Nf4 23. Qf3 Ng6 24. Qh3 Bg7 25. Qe3 h5 26. Bc4 g4 27. f4 gxf3 28. gxf3 Kh7 29. Bf1 Bh6 30. Qf2 Qg5+ 31. Kh1 Qxa5 32. Nc4 Qc5 33. Qxc5 dxc5 34. Na5 Ne5 35. Nxc6 Nxc6 36. Na4 c4 37. Nc5 b5 38. Nxa6 Nd4 39. Nb4 Nxf3 40. Rxd8 Rxd8 41. Re2 Rd1 42. Rf2 Nd2 43. Kg2 Be3 44. Be2 Re1 45. Rxf7+ Kg6 46. Bxh5+ Kxh5 47. Rb7 Kg4 48. Rg7+ Kf4 49. Kh3 Kxe4 50. Rg3 Bf4 0-1

[Event "Colonia de Sant Jordi op 2nd"]
[Site "Colonia de Sant Jordi"]
[Date "2023.06.13"]
[Round "4"]
[White "Marin Ferragut, Pau"]
[Black "Lasinskas, Povilas"]
[Result "1-0"]
[WhiteElo "2157"]
[BlackElo "2131"]
[PlyCount "57"]
[EventDate "2023.06.10"]
[EventType "swiss"]
[EventRounds "9"]
[EventCountry "ESP"]
[SourceTitle "CBM 214 Extra"]
[Source "ChessBase"]
[SourceDate "2023.07.31"]
[SourceVersion "1"]
[SourceVersionDate "2023.07.31"]
[SourceQuality "1"]

1. c4 Nf6 2. Nc3 b6 3. e4 e5 4. g3 Bc5 5. Bg2 0-0 6. Nge2 Nc6 7. 0-0 d6 8. h3 Nd4 9. a3 a5 10. d3 Bd7 11. Nxd4 Bxd4 12. Ne2 c5 13. Nxd4 cxd4 14. f4 Ne8 15. g4 f6 16. Bd2 Kh8 17. b4 Nc7 18. f5 axb4 19. axb4 b5 20. Qc2 bxc4 21. dxc4 Qb8 22. Rxa8 Qxa8 23. g5 Qa3 24. Rf3 Qa1+ 25. Kh2 Ra8 26. gxf6 gxf6 27. Rg3 Ra2 28. Qd3 Qd1 29. Bg5 1-0

[Event "Calvia Amateur op 19th"]
[Site "Calvia"]
[Date "2022.10.15"]
[Round "8"]
[White "Hahmann, Markus"]
[Black "Marin Ferragut, Pau"]
[Result "0-1"]
[WhiteElo "1913"]
[BlackElo "2134"]
[PlyCount "49"]
[EventDate "2022.10.08"]
[EventType "swiss"]
[EventRounds "9"]
[EventCountry "ESP"]
[SourceTitle "CBM 210 Extra"]
[Source "ChessBase"]
[SourceDate "2022.11.30"]
[SourceVersion "1"]
[SourceVersionDate "2022.11.30"]
[SourceQuality "1"]

1. d4 Nf6 2. Nc3 d5 3. Bg5 Nbd7 4. Qd3 h6 5. Bh4 c6 6. e4 dxe4 7. Nxe4 e6 8. 0-0-0 Be7 9. Nxf6+ Nxf6 10. Nf3 a5 11. Ne5 Nd5 12. Qf3 0-0 13. Bxe7 Qxe7 14. h4 c5 15. g4 cxd4 16. g5 Qc7 17. Ng4 h5 18. Nh6+ gxh6 19. Rxd4 Qe5 20. Re4 Qf5 21. Qg2 Nf4 22. Rxf4 Qxf4+ 23. Kb1 Qg4 24. gxh6 Qxg2 25. Bxg2 0-1